[Event "España ch sub-18 2007"]
[Site "Granada ESP"]
[Date "2007.07.29"]
[Round "1.25"]
[White "Heras Ruiz, Juan Fernando"]
[Black "Lopez Quevedo, Angel Carlos"]
[Result "0-1"]
[WhiteElo "1882"]
[BlackElo "2148"]
[PlyCount "51"]
[EventDate "2007.07.29"]
[EventType "swiss"]
[EventRounds "9"]
[EventCountry "ESP"]
[Source "lmi"]
[SourceDate "2007.07.29"]

1. e4 c5 2. Nc3 e6 3. g3 Nc6 4. Bg2 g6 5. f4 Bg7 6. Nf3 d6 7. d3 Nge7 8. O-O
O-O 9. Bd2 b6 10. g4 f5 11. gxf5 exf5 12. Rb1 Bb7 13. a3 fxe4 14. dxe4 d5 15.
Ng5 Nd4 16. b4 h6 17. Nh3 cxb4 18. axb4 dxe4 19. Nxe4 Ndf5 20. Qe1 Qc7 21. c3
Rac8 22. Qc1 Nh4 23. Bh1 Nd5 24. Qc2 Nf6 25. Nhf2 Qd7 26. Rbe1 0-1

[Event "España ch sub-18 2007"]
[Site "Granada ESP"]
[Date "2007.07.29"]
[Round "1.26"]
[White "Trigo Urquijo, Sergio"]
[Black "Almagro Guardia, Elena"]
[Result "1/2-1/2"]
[WhiteElo "2145"]
[BlackElo "1881"]
[PlyCount "89"]
[EventDate "2007.07.29"]
[EventType "swiss"]
[EventRounds "9"]
[EventCountry "ESP"]
[Source "lmi"]
[SourceDate "2007.07.29"]

1. e4 c5 2. Nc3 Nc6 3. g3 g6 4. Bg2 Bg7 5. d3 Nf6 6. Nge2 d6 7. f4 Rb8 8. O-O
O-O 9. h3 Nd7 10. g4 Nd4 11. Ng3 b5 12. Nce2 Bb7 13. c3 Nxe2+ 14. Nxe2 a5 15.
Be3 b4 16. d4 Ba6 17. Rf2 bxc3 18. bxc3 Qc7 19. f5 Rb6 20. Nf4 Bb7 21. h4 Rb8
22. fxg6 hxg6 23. h5 Nf8 24. hxg6 Nxg6 25. Nxg6 fxg6 26. dxc5 dxc5 27. Qa4 Ba6
28. Rd1 Rb1 29. Bf4 Be5 30. Bxe5 Qxe5 31. Qc2 Rxd1+ 32. Qxd1 Bc4 33. Qf3 Rb1+
34. Bf1 Rxf1+ 35. Rxf1 Bxf1 36. Kxf1 Qe6 37. Qe2 Qf6+ 38. Kg2 Qxc3 39. Qb5 Qc2+
40. Kg3 Qxe4 41. Qxc5 Qa4 42. Qxe7 Qxa2 43. Qe8+ Kg7 44. Qe7+ Kg8 45. Qe8+
1/2-1/2

[Event "España ch sub-18 2007"]
[Site "Granada ESP"]
[Date "2007.07.29"]
[Round "1.27"]
[White "Gonzalez Campo, Greta"]
[Black "Hernandez Funes, Ruben"]
[Result "1-0"]
[WhiteElo "1873"]
[BlackElo "2144"]
[PlyCount "71"]
[EventDate "2007.07.29"]
[EventType "swiss"]
[EventRounds "9"]
[EventCountry "ESP"]
[Source "lmi"]
[SourceDate "2007.07.29"]

1. e4 c5 2. d3 Nc6 3. g3 g6 4. Bg2 Bg7 5. f4 d6 6. Nf3 e5 7. c3 Nge7 8. Na3 O-O
9. O-O exf4 10. Bxf4 d5 11. Qb3 b6 12. Nb5 Ba6 13. Rfd1 Na5 14. Qa4 Qe8 15. c4
dxc4 16. dxc4 Bxb2 17. Rab1 Bg7 18. Qc2 Bxb5 19. cxb5 Rd8 20. a4 Nc8 21. Bh3
Qe7 22. e5 c4 23. Kf2 Qa3 24. Bc1 Qc5+ 25. Be3 Qe7 26. Bd4 f6 27. e6 Nd6 28.
Bc3 Nb3 29. Bb4 f5 30. Qxc4 Na5 31. Qa2 Rfe8 32. Re1 Rc8 33. Rbd1 Red8 34. Bxd6
Rxd6 35. Rxd6 Bc3 36. Red1 1-0

[Event "España ch sub-18 2007"]
[Site "Granada ESP"]
[Date "2007.07.29"]
[Round "1.28"]
[White "Ribes Peris, Alvaro"]
[Black "Ramon Losada, David"]
[Result "1-0"]
[WhiteElo "2135"]
[BlackElo "1869"]
[PlyCount "75"]
[EventDate "2007.07.29"]
[EventType "swiss"]
[EventRounds "9"]
[EventCountry "ESP"]
[Source "lmi"]
[SourceDate "2007.07.29"]

1. d4 d5 2. c4 e6 3. Nc3 Nf6 4. Nf3 Be7 5. Bg5 c6 6. e3 Nbd7 7. Bd3 dxc4 8.
Bxc4 b5 9. Bd3 a6 10. O-O Bb7 11. Bxf6 Bxf6 12. Ne4 Be7 13. Rc1 Rc8 14. Nc5
Nxc5 15. dxc5 Qd5 16. Qc2 Qxa2 17. e4 Qa5 18. e5 Rd8 19. Be4 Qb4 20. Rfe1 h5
21. h4 Rd7 22. Re3 Qa5 23. Qe2 Qd8 24. g3 g5 25. Nxg5 Bxg5 26. hxg5 Qxg5 27. f4
Qg4 28. Qxg4 hxg4 29. Rd3 Rxd3 30. Bxd3 Ke7 31. Be2 f6 32. exf6+ Kxf6 33. Rd1
Ke7 34. Kg2 Rg8 35. b4 Bc8 36. Rh1 Kf6 37. Rh6+ Kf5 38. Bd3# 1-0

[Event "España ch sub-18 2007"]
[Site "Granada ESP"]
[Date "2007.07.29"]
[Round "1.29"]
[White "Perez Castellano, Susana"]
[Black "Maura Mundo, Alejandro"]
[Result "0-1"]
[WhiteElo "1861"]
[BlackElo "2133"]
[PlyCount "56"]
[EventDate "2007.07.29"]
[EventType "swiss"]
[EventRounds "9"]
[EventCountry "ESP"]
[Source "lmi"]
[SourceDate "2007.07.29"]

1. e4 c5 2. Nf3 e6 3. d4 cxd4 4. Nxd4 a6 5. Nc3 b6 6. Be2 Bb7 7. a3 Nc6 8. Be3
d6 9. O-O Nf6 10. f4 Be7 11. Bf3 Qc7 12. f5 Nxd4 13. Qxd4 O-O 14. Rad1 Rfc8 15.
g4 Nd7 16. g5 Ne5 17. f6 gxf6 18. gxf6 Bxf6 19. Kh1 Ng4 20. Qd2 Nxe3 21. Qxe3
Kh8 22. Rd3 Be5 23. Qh6 Rg8 24. Bg2 Rg6 25. Qh5 Rag8 26. Rh3 f5 27. Bf3 Qg7 28.
Ne2 fxe4 0-1

[Event "España ch sub-18 2007"]
[Site "Granada ESP"]
[Date "2007.07.29"]
[Round "1.30"]
[White "Castellano Egea, Einar"]
[Black "Barbosa Rubies, Laia"]
[Result "1-0"]
[WhiteElo "2119"]
[BlackElo "1847"]
[PlyCount "55"]
[EventDate "2007.07.29"]
[EventType "swiss"]
[EventRounds "9"]
[EventCountry "ESP"]
[Source "lmi"]
[SourceDate "2007.07.29"]

1. e4 e6 2. b3 d5 3. Bb2 Nf6 4. e5 Nfd7 5. Qe2 c5 6. f4 Nc6 7. Nf3 Be7 8. g3
Nb6 9. d3 Bd7 10. h4 Qc7 11. a4 a6 12. Na3 O-O-O 13. Bh3 Rde8 14. c3 f6 15. Nc2
Kb8 16. d4 cxd4 17. Ncxd4 fxe5 18. fxe5 Nxd4 19. Nxd4 Bc5 20. O-O Bc8 21. Kh2
Qe7 22. Nf3 Nd7 23. b4 Ba7 24. Ba3 Qd8 25. Ng5 Qc7 26. Nf7 Rhf8 27. Nd6 Rxf1
28. Nxe8 1-0

[Event "España ch sub-18 2007"]
[Site "Granada ESP"]
[Date "2007.07.29"]
[Round "2.1"]
[White "Lariño Nieto, David"]
[Black "Guadamuro Torrente, Anabel"]
[Result "0-1"]
[WhiteElo "2435"]
[BlackElo "2095"]
[PlyCount "132"]
[EventDate "2007.07.29"]
[EventType "swiss"]
[EventRounds "9"]
[EventCountry "ESP"]
[Source "lmi"]
[SourceDate "2007.07.29"]

1. d4 d5 2. Nf3 Nf6 3. e3 e6 4. Bd3 c6 5. O-O Bd6 6. Nbd2 Nbd7 7. Qe2 h6 8. e4
dxe4 9. Nxe4 Nxe4 10. Qxe4 Nf6 11. Qh4 Nd5 12. Bg5 Be7 13. Bxe7 Qxe7 14. Qg3
O-O 15. a3 c5 16. c4 Nf6 17. Rfe1 cxd4 18. Nxd4 Qc5 19. Rad1 Kh8 20. Nb5 Bd7
21. Re5 Qe7 22. Nc7 Rac8 23. Nd5 Nxd5 24. cxd5 Qf6 25. d6 Rfd8 26. Bb1 Ba4 27.
Qd3 g6 28. Rde1 Qxe5 29. Rxe5 Rc1+ 30. Qf1 Rxf1+ 31. Kxf1 Rxd6 32. Ke2 b6 33.
Re3 Kg7 34. f3 Bb5+ 35. Ke1 Kf6 36. Be4 Bc6 37. Bd3 Ba4 38. Ke2 Rc6 39. Kd2 Rc5
40. Re4 Bb5 41. Bc2 Bf1 42. g3 Rh5 43. h4 g5 44. Ra4 a5 45. Rg4 gxh4 46. gxh4
Bh3 47. Rf4+ Bf5 48. Ke3 e5 49. Rc4 Bxc2 50. Rxc2 Rxh4 51. Rc6+ Kf5 52. Rxb6 a4
53. Kf2 f6 54. b3 Rh2+ 55. Kg3 Rb2 56. b4 Rb3 57. Ra6 Rxa3 58. Kg2 h5 59. b5
Rb3 60. Rxa4 Rxb5 61. Kg3 Kg5 62. Ra3 Rb4 63. Re3 h4+ 64. Kh3 Kf4 65. Ra3 Rb1
66. Rc3 Re1 0-1

[Event "España ch sub-18 2007"]
[Site "Granada ESP"]
[Date "2007.07.29"]
[Round "2.2"]
[White "Tierraseca Montero, Pablo"]
[Black "Vila Gazquez, Xavier"]
[Result "0-1"]
[WhiteElo "2119"]
[BlackElo "2429"]
[PlyCount "68"]
[EventDate "2007.07.29"]
[EventType "swiss"]
[EventRounds "9"]
[EventCountry "ESP"]
[Source "lmi"]
[SourceDate "2007.07.29"]

1. e4 c5 2. b3 Nc6 3. Bb2 e5 4. Bb5 Nge7 5. Ne2 a6 6. Bxc6 Nxc6 7. O-O d5 8.
exd5 Qxd5 9. Nbc3 Qd8 10. f4 Bd6 11. Ne4 O-O 12. f5 f6 13. N2g3 Rf7 14. Qe1 Bf8
15. c3 b6 16. Rf3 Bb7 17. Rd1 Qc7 18. Nh5 Ne7 19. Qh4 Bxe4 20. Qxe4 Qc6 21. Qg4
Rd8 22. Ng3 Nc8 23. d3 b5 24. Re1 Rfd7 25. Rd1 c4 26. bxc4 bxc4 27. d4 Nb6 28.
Rc1 Na4 29. Ba1 Ba3 30. Rc2 Qb6 31. Qe4 exd4 32. Qe6+ Qxe6 33. fxe6 d3 34. Rd2
Re7 0-1

[Event "España ch sub-18 2007"]
[Site "Granada ESP"]
[Date "2007.07.29"]
[Round "2.3"]
[White "Llorente Zaro, Alfonso"]
[Black "Pardo Simon, David"]
[Result "1-0"]
[WhiteElo "2422"]
[BlackElo "2080"]
[PlyCount "53"]
[EventDate "2007.07.29"]
[EventType "swiss"]
[EventRounds "9"]
[EventCountry "ESP"]
[Source "lmi"]
[SourceDate "2007.07.29"]

1. d4 Nf6 2. Bg5 c5 3. Bxf6 gxf6 4. d5 Qb6 5. Qc1 f5 6. e3 Bg7 7. c3 d6 8. Bd3
e5 9. Nd2 e4 10. Be2 Nd7 11. a4 Nf6 12. Nc4 Qc7 13. Qd2 b6 14. Nh3 Bb7 15. Nf4
Bh6 16. Nh5 Nxd5 17. Ng3 Bf8 18. Nxf5 Rg8 19. a5 Rd8 20. axb6 axb6 21. Na3 Bc6
22. Bb5 Qd7 23. Bxc6 Qxc6 24. Nb5 Nf6 25. c4 d5 26. Qc3 Rg5 27. Qe5+ 1-0

[Event "España ch sub-18 2007"]
[Site "Granada ESP"]
[Date "2007.07.29"]
[Round "2.4"]
[White "Lluis Alabedra, Alvar"]
[Black "Huerga Leache, Mikel"]
[Result "0-1"]
[WhiteElo "2096"]
[BlackElo "2370"]
[PlyCount "56"]
[EventDate "2007.07.29"]
[EventType "swiss"]
[EventRounds "9"]
[EventCountry "ESP"]
[Source "lmi"]
[SourceDate "2007.07.29"]

1. e4 c5 2. Nc3 a6 3. g3 b5 4. Bg2 Bb7 5. Nge2 Nf6 6. d3 e6 7. O-O d6 8. h3 Nc6
9. Be3 Be7 10. f4 b4 11. Nb1 Nd7 12. Nd2 O-O 13. c3 a5 14. d4 a4 15. d5 exd5
16. exd5 Na5 17. cxb4 cxb4 18. Nd4 Nc5 19. Nf5 Bf6 20. Bxc5 dxc5 21. Ne4 Bxb2
22. Rb1 a3 23. Qh5 Bc8 24. Nfd6 g6 25. Qh6 Bg7 26. Qg5 b3 27. axb3 a2 28. Ra1
Qxg5 0-1

[Event "España ch sub-18 2007"]
[Site "Granada ESP"]
[Date "2007.07.29"]
[Round "2.5"]
[White "Torres Tellez, Jonathan"]
[Black "Aloma Vidal, Robert"]
[Result "0-1"]
[WhiteElo "2084"]
[BlackElo "2341"]
[PlyCount "54"]
[EventDate "2007.07.29"]
[EventType "swiss"]
[EventRounds "9"]
[EventCountry "ESP"]
[Source "lmi"]
[SourceDate "2007.07.29"]

1. e4 Nf6 2. e5 Nd5 3. c4 Nb6 4. c5 Nd5 5. Bc4 e6 6. Nc3 Bxc5 7. Qg4 O-O 8. d4
f5 9. Qf3 Nxc3 10. bxc3 Be7 11. h4 d5 12. Be2 c5 13. Nh3 cxd4 14. cxd4 Qa5+ 15.
Kf1 Bd7 16. Nf4 Nc6 17. Be3 Nb4 18. Rd1 Rac8 19. h5 Nc2 20. Qg3 h6 21. Ng6
Nxe3+ 22. Qxe3 Rf7 23. Rh3 Rc2 24. Kg1 Qxa2 25. Bd3 Bg5 26. Qf3 Rd2 27. Rf1 Qa4
0-1

[Event "España ch sub-18 2007"]
[Site "Granada ESP"]
[Date "2007.07.29"]
[Round "2.6"]
[White "Gimenez Martinez, Alberto"]
[Black "Hernandez Leon, Alberto"]
[Result "0-1"]
[WhiteElo "2070"]
[BlackElo "2275"]
[PlyCount "86"]
[EventDate "2007.07.29"]
[EventType "swiss"]
[EventRounds "9"]
[EventCountry "ESP"]
[Source "lmi"]
[SourceDate "2007.07.29"]

1. e4 c5 2. Nf3 d6 3. d4 cxd4 4. Nxd4 Nf6 5. Nc3 a6 6. f3 e5 7. Nb3 Be6 8. Be3
Be7 9. Qd2 O-O 10. O-O-O Nbd7 11. g4 b5 12. g5 b4 13. Na4 Nh5 14. h4 a5 15. Bb5
Rb8 16. c4 Qc7 17. Qc2 Rfc8 18. Rh2 Rxb5 19. cxb5 Bxb3 20. axb3 Qb7 21. Qxc8+
Qxc8+ 22. Rc2 Nc5 23. Kb1 f6 24. Bxc5 dxc5 25. Nxc5 Bxc5 26. Rd5 a4 27. Rcxc5
Qa8 28. bxa4 Nf4 29. Rd7 Ne6 30. Rc6 Nf8 31. Ra6 Qc8 32. Rd1 Qh3 33. Ra8 b3 34.
Kc1 Qxf3 35. Rdd8 Kf7 36. Rxf8+ Kg6 37. gxf6 Qe3+ 38. Kd1 Qd3+ 39. Ke1 Qxe4+
40. Kf1 Qb1+ 41. Kg2 Qxb2+ 42. Kg3 Qc3+ 43. Kg4 h5# 0-1

[Event "España ch sub-18 2007"]
[Site "Granada ESP"]
[Date "2007.07.29"]
[Round "2.7"]
[White "Fidalgo Fernandez, Lucia"]
[Black "Mestre Bellido, Hector"]
[Result "0-1"]
[WhiteElo "2068"]
[BlackElo "2269"]
[PlyCount "92"]
[EventDate "2007.07.29"]
[EventType "swiss"]
[EventRounds "9"]
[EventCountry "ESP"]
[Source "lmi"]
[SourceDate "2007.07.29"]

1. e4 e5 2. Nf3 Nc6 3. Bb5 a6 4. Bxc6 dxc6 5. O-O f6 6. d4 exd4 7. Nxd4 c5 8.
Ne2 Qxd1 9. Rxd1 Bd6 10. Nbc3 Bd7 11. Be3 Ne7 12. Nf4 Ng6 13. Ncd5 Nxf4 14.
Bxf4 Bxf4 15. Nxf4 O-O-O 16. f3 Rde8 17. Rd2 Rhf8 18. Re1 Rf7 19. Kf2 b6 20.
Nd5 Bb5 21. Ne3 Re5 22. Red1 Bd7 23. Rd5 Re8 24. R5d2 Ree7 25. Nd5 Re5 26. Ne3
g6 27. Rd5 Re8 28. R5d2 Bc6 29. h4 Rfe7 30. g4 Rf7 31. Rh1 Bd7 32. h5 Re5 33.
hxg6 hxg6 34. Rh8+ Kb7 35. Rg8 f5 36. exf5 gxf5 37. Nc4 Ree7 38. g5 Rh7 39. Kg3
Be6 40. g6 Rh6 41. Re2 Bxg8 42. Nd6+ Kc6 43. Rxe7 Rxg6+ 44. Kf4 cxd6 45. Kxf5
Rg2 46. f4 Rxc2 0-1

[Event "España ch sub-18 2007"]
[Site "Granada ESP"]
[Date "2007.07.29"]
[Round "2.8"]
[White "Remoli Sargues, Francisco"]
[Black "Mejuto De Ulloa, Jorge"]
[Result "1/2-1/2"]
[WhiteElo "2267"]
[BlackElo "2062"]
[PlyCount "53"]
[EventDate "2007.07.29"]
[EventType "swiss"]
[EventRounds "9"]
[EventCountry "ESP"]
[Source "lmi"]
[SourceDate "2007.07.29"]

1. e4 c5 2. Nf3 Nc6 3. Bb5 g6 4. Bxc6 bxc6 5. O-O Bg7 6. Re1 Nf6 7. e5 Nd5 8.
c4 Nb6 9. d3 O-O 10. Nc3 d5 11. Qe2 a5 12. h3 a4 13. Bf4 Bf5 14. Rad1 Qc8 15.
Nb1 Qa6 16. Nbd2 Rfd8 17. Rc1 Rd7 18. g4 Be6 19. Ng5 Rb7 20. Nxe6 fxe6 21. g5
Nd7 22. Rc2 Rab8 23. Nf1 Qa5 24. Rd1 Qc7 25. Re1 Qa5 26. Rd1 Qc7 27. Re1
1/2-1/2

[Event "España ch sub-18 2007"]
[Site "Granada ESP"]
[Date "2007.07.29"]
[Round "2.9"]
[White "Ladron De Guevara Pinto, Miguel"]
[Black "Camacho Collados, Marcos"]
[Result "0-1"]
[WhiteElo "2052"]
[BlackElo "2239"]
[PlyCount "73"]
[EventDate "2007.07.29"]
[EventType "swiss"]
[EventRounds "9"]
[EventCountry "ESP"]
[Source "lmi"]
[SourceDate "2007.07.29"]

1. e4 c5 2. Nf3 e6 3. d4 cxd4 4. Nxd4 Nf6 5. Nc3 Qb6 6. Nb3 Bb4 7. Bd3 Bxc3+ 8.
bxc3 d6 9. O-O e5 10. h3 O-O 11. Qe2 Qc6 12. Bd2 b6 13. f4 Bb7 14. Rae1 Nbd7
15. fxe5 dxe5 16. Kh1 Rad8 17. Qf3 a5 18. Qg3 a4 19. Nc1 Nc5 20. Qxe5 Nfxe4 21.
Re2 Nxd2 22. Rxd2 Nxd3 23. cxd3 Qh6 24. Rdf2 Qxh3+ 25. Kg1 Qh6 26. Ne2 Qd6 27.
Qxd6 Rxd6 28. Nd4 Rd7 29. Rf4 Rc8 30. c4 g6 31. Nb5 Rc5 32. Rf6 Rg5 33. Rxb6
Bxg2 34. Rf2 Be4+ 35. Kh2 Rxd3 36. Nd6 Rh5+ 37. Kg1 0-1

[Event "España ch sub-18 2007"]
[Site "Granada ESP"]
[Date "2007.07.29"]
[Round "2.10"]
[White "Fernandez Garcia, Jose Miguel"]
[Black "Fernandez Borrego, Pablo"]
[Result "0-1"]
[WhiteElo "2036"]
[BlackElo "2200"]
[PlyCount "112"]
[EventDate "2007.07.29"]
[EventType "swiss"]
[EventRounds "9"]
[EventCountry "ESP"]
[Source "lmi"]
[SourceDate "2007.07.29"]

1. e4 e6 2. d3 c5 3. Nf3 Nc6 4. g3 d6 5. Bg2 g6 6. O-O Bg7 7. c3 Nge7 8. Nh4
O-O 9. f4 f5 10. Be3 b6 11. Qc1 Bb7 12. Kh1 d5 13. Bg1 d4 14. c4 Nb4 15. Qd2
fxe4 16. Bxe4 Bxe4+ 17. dxe4 Qd7 18. a3 Nbc6 19. Qd3 e5 20. Ng2 exf4 21. gxf4
g5 22. f5 Ne5 23. Qg3 Bf6 24. Nd2 Kh8 25. Bf2 Rg8 26. h4 Qe8 27. Nf3 gxh4 28.
Qh3 Nxf3 29. Qxf3 Nc6 30. Bxh4 Bxh4 31. Nxh4 Ne5 32. Qf4 Rg4 33. Qh6 Qf8 34.
Qh5 Qf7 35. Qh6 Rag8 36. Rf4 Rg3 37. Kh2 Ng4+ 38. Rxg4 R3xg4 39. Rf1 Rxe4 40.
Ng6+ Rxg6 41. fxg6 Re2+ 42. Kg3 Qxg6+ 43. Qxg6 hxg6 44. Rf7 a5 45. b4 axb4 46.
axb4 cxb4 47. Rb7 d3 48. Kf3 Re6 49. Rd7 Rc6 50. Rd4 d2 51. Ke2 Kg7 52. Kxd2
Rc5 53. Kd3 b5 54. Rd7+ Kh6 55. Rb7 bxc4+ 56. Kd4 c3 0-1

[Event "España ch sub-18 2007"]
[Site "Granada ESP"]
[Date "2007.07.29"]
[Round "2.11"]
[White "Senlle Caride, Miguel"]
[Black "Romero Lopez, Marta"]
[Result "1/2-1/2"]
[WhiteElo "2179"]
[BlackElo "2004"]
[PlyCount "88"]
[EventDate "2007.07.29"]
[EventType "swiss"]
[EventRounds "9"]
[EventCountry "ESP"]
[Source "lmi"]
[SourceDate "2007.07.29"]

1. e4 e6 2. b3 d5 3. Bb2 dxe4 4. Nc3 Nf6 5. g4 h6 6. Bg2 Bd7 7. h4 Bc6 8. Qe2
Qd6 9. O-O-O Qf4 10. g5 hxg5 11. Nh3 Qg4 12. hxg5 Qxg2 13. gxf6 gxf6 14. Nb5
Na6 15. Nd4 Bd7 16. f4 exf3 17. Qxf3 Qxf3 18. Nxf3 Bc6 19. Rdf1 Be7 20. Nf2
Rxh1 21. Nxh1 Kd7 22. Ng3 Rg8 23. Ne2 e5 24. Nh4 Nb4 25. a3 Nd5 26. c4 Nb6 27.
d4 Rg4 28. Nf5 Be4 29. Ne3 Rg5 30. dxe5 fxe5 31. Rxf7 Ke6 32. Rf1 Bd3 33. Kd2
Bxe2 34. Kxe2 Bc5 35. Rh1 Bxe3 36. Kxe3 Rg3+ 37. Ke4 Rxb3 38. Rh6+ Kd7 39. Bxe5
Nxc4 40. Rh7+ Ke6 41. Rh6+ Kd7 42. Rh7+ Ke6 43. Rh6+ Kd7 44. Rh7+ Ke6 1/2-1/2

[Event "España ch sub-18 2007"]
[Site "Granada ESP"]
[Date "2007.07.29"]
[Round "2.12"]
[White "Gonzalez Merino, Alberto"]
[Black "Aguado Solana, Juan"]
[Result "1-0"]
[WhiteElo "2172"]
[BlackElo "1995"]
[PlyCount "117"]
[EventDate "2007.07.29"]
[EventType "swiss"]
[EventRounds "9"]
[EventCountry "ESP"]
[Source "lmi"]
[SourceDate "2007.07.29"]

1. d4 e6 2. c4 Nf6 3. Nf3 d5 4. Nc3 c6 5. Bg5 dxc4 6. e4 b5 7. e5 h6 8. Bh4 g5
9. Nxg5 hxg5 10. Bxg5 Nbd7 11. exf6 Bb7 12. g3 Qb6 13. Bg2 O-O-O 14. O-O Ne5
15. Be3 c5 16. dxc5 Bxc5 17. Bxc5 Qxc5 18. Qe2 Nd3 19. Bxb7+ Kxb7 20. Qf3+ Kb8
21. Rab1 Qh5 22. Qxh5 Rxh5 23. b3 cxb3 24. Rxb3 b4 25. Rd1 Kc8 26. Ne4 Rhd5 27.
h4 a5 28. Rbb1 Rf5 29. Kg2 Rd4 30. f3 Rfd5 31. Kg1 Ne5 32. Rdc1+ Kd8 33. Kg2
Rd3 34. Rf1 Ra3 35. Rf2 Rdd3 36. Rbf1 a4 37. h5 b3 38. axb3 axb3 39. h6 Ra2 40.
h7 Ng6 41. Rb1 Rxf2+ 42. Kxf2 Kc7 43. f4 Nh8 44. Ke2 Rd4 45. Ke3 Rb4 46. Rb2
Rb5 47. g4 Ra5 48. Rxb3 Ra1 49. Nf2 Re1+ 50. Kf3 Kc8 51. Rc3+ Kb7 52. Rc5 Ra1
53. Rg5 Ra8 54. Rg7 Kc7 55. Nh3 Kd7 56. Ng5 Rf8 57. Kg3 Ke8 58. Rg8 Ng6 59. Ne4
1-0

[Event "España ch sub-18 2007"]
[Site "Granada ESP"]
[Date "2007.07.29"]
[Round "2.13"]
[White "Rodriguez Perez, David Antonio"]
[Black "Robles Garcia, Claudia"]
[Result "0-1"]
[WhiteElo "2018"]
[BlackElo "2167"]
[PlyCount "56"]
[EventDate "2007.07.29"]
[EventType "swiss"]
[EventRounds "9"]
[EventCountry "ESP"]
[Source "lmi"]
[SourceDate "2007.07.29"]

1. d4 Nf6 2. Bg5 Ne4 3. Bf4 c5 4. f3 Qa5+ 5. c3 Nf6 6. Nd2 cxd4 7. Nb3 Qb6 8.
Qxd4 Nc6 9. Qxb6 axb6 10. e4 d5 11. Bd3 e5 12. Be3 Be6 13. Bxb6 dxe4 14. Bc2
Nd5 15. Bc5 exf3 16. Nxf3 b6 17. Bxf8 Kxf8 18. Be4 f6 19. O-O Ke7 20. Rfd1 Rad8
21. c4 Ndb4 22. a3 f5 23. Bxf5 Bxf5 24. axb4 Rxd1+ 25. Rxd1 Bc2 26. Rc1 Bxb3
27. b5 Nd4 28. Nxe5 Ne2+ 0-1

[Event "España ch sub-18 2007"]
[Site "Granada ESP"]
[Date "2007.07.29"]
[Round "2.14"]
[White "De Nacimiento Montaño, Angel"]
[Black "Serrano Bozada, Esteban"]
[Result "0-1"]
[WhiteElo "1999"]
[BlackElo "2160"]
[PlyCount "106"]
[EventDate "2007.07.29"]
[EventType "swiss"]
[EventRounds "9"]
[EventCountry "ESP"]
[Source "lmi"]
[SourceDate "2007.07.29"]

1. e4 e6 2. d4 d5 3. exd5 exd5 4. c4 Nf6 5. Nf3 Be7 6. Be2 O-O 7. O-O dxc4 8.
Bxc4 Nbd7 9. Nc3 Nb6 10. Bb3 Bg4 11. Re1 c6 12. Bg5 Re8 13. Bxf7+ Kxf7 14. Ne5+
Kg8 15. Nxg4 Nxg4 16. Qxg4 Bxg5 17. Rxe8+ Qxe8 18. Qxg5 Rd8 19. Qe3 Qd7 20. Re1
Nd5 21. Nxd5 Qxd5 22. Qe7 Qxd4 23. Qxb7 Qb6 24. Qe7 Rf8 25. Qe6+ Kh8 26. Re2
Qd4 27. h3 h6 28. Qe5 Qd1+ 29. Kh2 Rf6 30. b4 Qd3 31. f3 Qd1 32. Qb8+ Kh7 33.
Re8 Qd4 34. Rh8+ Kg6 35. Qg3+ Kf7 36. Rc8 Re6 37. Rc7+ Kg8 38. Rc8+ Kh7 39. Rf8
Qxb4 40. Rb8 Qd4 41. Qg4 Qe5+ 42. Qg3 Qd5 43. a3 Rg6 44. Rh8+ Kxh8 45. Qxg6 c5
46. Kg3 c4 47. Qe8+ Kh7 48. Qe2 Qd4 49. Qf2 Qd6+ 50. f4 Qxa3+ 51. Kg4 Qd3 52.
f5 c3 53. f6 Qg6+ 0-1

[Event "España ch sub-18 2007"]
[Site "Granada ESP"]
[Date "2007.07.29"]
[Round "2.15"]
[White "Martin Alvarez, Iñigo"]
[Black "Sanchez-Alarcos Galian, Victor"]
[Result "1-0"]
[WhiteElo "2154"]
[BlackElo "1958"]
[PlyCount "57"]
[EventDate "2007.07.29"]
[EventType "swiss"]
[EventRounds "9"]
[EventCountry "ESP"]
[Source "lmi"]
[SourceDate "2007.07.29"]

1. e4 e5 2. Nf3 Nc6 3. Bb5 a6 4. Ba4 Nf6 5. O-O Be7 6. Re1 b5 7. Bb3 d6 8. c3
O-O 9. h3 Na5 10. Bc2 c5 11. d4 Qc7 12. b4 cxb4 13. cxb4 Nc4 14. Nbd2 Bb7 15.
Nxc4 bxc4 16. d5 Rfb8 17. Re3 Nd7 18. a4 f5 19. exf5 Nf6 20. Be4 Bc8 21. Qc2
Rxb4 22. Ba3 a5 23. Nxe5 Nxe4 24. Qxe4 Bf6 25. Ng4 Bd7 26. Nxf6+ gxf6 27. Bxb4
axb4 28. Qe7 Re8 29. Rg3+ 1-0

[Event "España ch sub-18 2007"]
[Site "Granada ESP"]
[Date "2007.07.29"]
[Round "2.16"]
[White "De Nacimiento Montaño, Antonio"]
[Black "Garcia-Ortega Mendez, Jose Manuel"]
[Result "0-1"]
[WhiteElo "1992"]
[BlackElo "2151"]
[PlyCount "88"]
[EventDate "2007.07.29"]
[EventType "swiss"]
[EventRounds "9"]
[EventCountry "ESP"]
[Source "lmi"]
[SourceDate "2007.07.29"]

1. c4 Nf6 2. Nc3 e5 3. g3 d5 4. cxd5 Nxd5 5. Bg2 Nb6 6. Nf3 Nc6 7. O-O Be7 8.
d3 O-O 9. a4 a5 10. Be3 Be6 11. d4 exd4 12. Nxd4 Nxd4 13. Qxd4 Nc4 14. Qxd8
Raxd8 15. Bf4 c6 16. Ne4 Bb4 17. b3 Nd2 18. Bxd2 Bxd2 19. Nxd2 Rxd2 20. Bf3
Rfd8 21. e3 Rb2 22. Rfd1 Rxd1+ 23. Rxd1 g6 24. Kg2 Rxb3 25. Rd8+ Kg7 26. Ra8
Rb4 27. Rxa5 Bb3 28. Ra7 Bxa4 29. h3 Bb3 30. g4 Kf6 31. Kg3 Be6 32. Ra8 Bd5 33.
Rh8 Bxf3 34. Kxf3 c5 35. Rxh7 c4 36. h4 c3 37. Ke2 Rxg4 38. Kd3 Rc4 39. Kc2 b5
40. h5 b4 41. hxg6 b3+ 42. Kxb3 c2 43. Rh1 c1=Q 44. Rxc1 Rxc1 0-1

[Event "España ch sub-18 2007"]
[Site "Granada ESP"]
[Date "2007.07.29"]
[Round "2.17"]
[White "Riera Morilla, Elizabeth"]
[Black "Garcia Blanco, Omar"]
[Result "0-1"]
[WhiteElo "1952"]
[BlackElo "2148"]
[PlyCount "96"]
[EventDate "2007.07.29"]
[EventType "swiss"]
[EventRounds "9"]
[EventCountry "ESP"]
[Source "lmi"]
[SourceDate "2007.07.29"]

1. e4 c5 2. Nc3 Nc6 3. Nge2 g6 4. d4 cxd4 5. Nxd4 Bg7 6. Be3 Nf6 7. Bc4 O-O 8.
O-O Nxe4 9. Nxe4 d5 10. Nxc6 bxc6 11. Bd3 dxe4 12. Bxe4 Qc7 13. c3 Rb8 14. Qc2
f5 15. Bf3 e5 16. Bc5 Rd8 17. Be2 Be6 18. b4 e4 19. f3 Be5 20. h3 exf3 21. Bxf3
Qg7 22. Rac1 Qh6 23. Kh1 Qf4 24. Bg1 Rd2 25. Qa4 Rbd8 26. Qxc6 Bf7 27. Rcd1 Qg3
28. Rxd2 Rxd2 29. c4 Kg7 30. Qb7 Kf6 31. Qa6+ Rd6 32. Qc8 Kg7 33. c5 Rd4 34.
Qb7 Rd2 35. Rc1 Qf4 36. Re1 Qg3 37. Re3 Qf4 38. c6 Rc2 39. Bd5 Rc1 40. Qxf7+
Kh6 41. Rxe5 Qxe5 42. Qf8+ Kg5 43. Qd8+ Kh6 44. Qf8+ Kg5 45. h4+ Kg4 46. Bf3+
Kg3 47. Be2 Rxg1+ 48. Kxg1 Qe3+ 0-1

[Event "España ch sub-18 2007"]
[Site "Granada ESP"]
[Date "2007.07.29"]
[Round "2.18"]
[White "Lopez Quevedo, Angel Carlos"]
[Black "Remoli Sargues, Lidia"]
[Result "1-0"]
[WhiteElo "2148"]
[BlackElo "1894"]
[PlyCount "81"]
[EventDate "2007.07.29"]
[EventType "swiss"]
[EventRounds "9"]
[EventCountry "ESP"]
[Source "lmi"]
[SourceDate "2007.07.29"]

1. d4 Nf6 2. c4 g6 3. Nc3 Bg7 4. e4 O-O 5. Nf3 c6 6. Be2 d5 7. e5 Ne8 8. Be3
Nc7 9. Qd2 dxc4 10. Bxc4 Nd7 11. h4 Nb6 12. Bb3 Nbd5 13. Bh6 Ne6 14. h5 f6 15.
hxg6 hxg6 16. Bxg7 Nxg7 17. Qh6 Kf7 18. Nh4 g5 19. Qg6+ Kg8 20. Bc2 Nf4 21.
Qh7+ Kf7 22. Ng6 Rg8 23. Nxf4 gxf4 24. exf6 exf6 25. O-O-O Be6 26. Qg6+ Kf8 27.
Ne4 Nf5 28. Qxf6+ Qxf6 29. Nxf6 Rxg2 30. Rh8+ Kf7 31. Rxa8 Kxf6 32. Rf8+ Kg5
33. Bxf5 Bxf5 34. d5 Bh7 35. Rh8 Bg6 36. d6 Rxf2 37. Rg1+ Kf6 38. Rxg6+ Kxg6
39. d7 Rf1+ 40. Kc2 Rf2+ 41. Kc3 1-0